000 00912nam a22002777a 4500
001 BR6002222
003 BR-BrBNA
005 20230928083120.0
007 ta
008 230509b bl.||||| |||| 00| 0 por d
040 _aBR-BrBNA
_bpor
_cBiblioteca Nacional de Agricultura
041 _a(Por)
072 _aE30; E10; E70
_b/G514
090 _ E30 BR6002222
110 1 _aAssociacao Nordestina de Credito e Assistencia Rural de Pernambuco, Recife (Brasil)
_9695
245 1 _aResumo. Plano estrategico de desenvolvimento 1968 - 1970 [Associacao Nordestina de Credito e Assistencia Rural de Pernambuco; Brasil]
260 3 _aRecife, PE (Brasil):
_c1969.
300 _a81 p.
650 _aDESENVOLVIMENTO AGRICOLA
650 _aPOLITICA AGRICOLA
650 _aPOLITICA ECONOMICA
650 _aDESENVOLVIMENTO ECONOMICO
650 _aPERNAMBUCO
909 _a202309
_bLucia
_c55
_dLucia Elande
942 _cBK
999 _c11646
_d11646